[Event "Norway Chess - Lampo iniziale"]
[Site "Stavanger"]
[Date "05.06.2017"][Round "L1"]
[White "Vachier-Lagrave, Maxime"]
[Black "Kramnik, Vladimir"]
[Result "1-0"]
[WhiteTitle "GM"]
[BlackTitle "GM"]
[WhiteElo "2796"]
[BlackElo "2808"]
[WhiteFideId "623539"]
[BlackFideId "4101588"]
[EventDate "2017.06.05"]

1. g3 d5 2. Nf3 Nf6 3. Bg2 e6 4. O-O Be7 5. d3 O-O 6. Nbd2 a5 7. c3 a4 8. Qc2 c5
9. e4 Nc6 10. Rd1 b5 11. Nf1 Qb6 12. Bf4 b4 13. Ne5 Bb7 14. Nxc6 Bxc6 15. Ne3 a3
16. cxb4 Qxb4 17. exd5 axb2 18. dxc6 bxa1=Q 19. Rxa1 Qd4 20. Rb1 Bd6 21. Bxd6
Qxd6 22. Rb5 Rfc8 23. Nc4 Qd4 24. Nb6 Nd5 25. Bxd5 exd5 26. Nxa8 h5 27. c7 Qe5
28. Qxc5 h4 29. Qxd5 Qe8 30. gxh4 1-0

[Event "Norway Chess - Lampo iniziale"]
[Site "Stavanger"]
[Date "05.06.2017"][Round "L1"]
[White "Karjakin, Sergey"]
[Black "Caruana, Fabiano"]
[Result "1-0"]
[WhiteTitle "GM"]
[BlackTitle "GM"]
[WhiteElo "2781"]
[BlackElo "2808"]
[WhiteFideId "14109603"]
[BlackFideId "2020009"]
[EventDate "2017.06.05"]

1. d4 Nf6 2. Bf4 d5 3. e3 e6 4. Nf3 c5 5. c3 Nc6 6. Nbd2 Bd6 7. Bg5 h6 8. Bh4
O-O 9. Bd3 e5 10. dxe5 Nxe5 11. Nxe5 Bxe5 12. Nf3 Bc7 13. Bc2 Be6 14. Qd3 Re8
15. O-O-O Qe7 16. Kb1 Rad8 17. Ka1 g6 18. Qb5 b6 19. Qa6 Kg7 20. a3 Bb8 21. Rhe1
Bc8 22. Qf1 Bg4 23. h3 Bxf3 24. gxf3 g5 25. Qg2 Rg8 26. f4 Kf8 27. fxg5 hxg5 28.
Bxg5 Qe6 29. h4 Re8 30. Qf3 Ne4 31. Bxe4 dxe4 32. Qh5 Be5 33. Rg1 Rh8 34. Qg4
Qxg4 35. Rxg4 Rg8 36. Rxe4 f6 37. Bf4 Rg4 38. Bh6+ 1-0

[Event "Norway Chess - Lampo iniziale"]
[Site "Stavanger"]
[Date "05.06.2017"][Round "L1"]
[White "Aronian, Levon"]
[Black "So, Wesley"]
[Result "1-0"]
[WhiteTitle "GM"]
[BlackTitle "GM"]
[WhiteElo "2793"]
[BlackElo "2812"]
[WhiteFideId "13300474"]
[BlackFideId "5202213"]
[EventDate "2017.06.05"]

1. d4 d5 2. c4 e6 3. Nc3 Be7 4. Nf3 Nf6 5. Bf4 O-O 6. e3 Nbd7 7. c5 Ne4 8. Rc1
Nxc3 9. Rxc3 b6 10. c6 Nf6 11. a3 a5 12. Bd3 Ne4 13. Rc1 f6 14. Qc2 f5 15. Ne5
Ba6 16. Bxa6 Rxa6 17. Nd7 Re8 18. f3 Nf6 19. Ne5 Nh5 20. Bg3 Bd6 21. Bf2 Bxe5
22. dxe5 Qg5 23. Qe2 Raa8 24. g4 fxg4 25. fxg4 Rf8 26. gxh5 Qxe5 27. O-O Qe4 28.
Bg3 e5 29. Rce1 h6 30. Qg2 Rxf1+ 31. Rxf1 Qxe3+ 32. Kh1 Qd4 33. Qf3 Kh8 34. Qf5
Re8 35. Qg6 Rg8 36. Kg2 Qxb2+ 37. Rf2 Qc3 38. Qe6 e4 39. Be5 Qxa3 40. Qxh6# 1-0

[Event "Norway Chess - Lampo iniziale"]
[Site "Stavanger"]
[Date "05.06.2017"][Round "L1"]
[White "Anand, Viswanathan"]
[Black "Giri, Anish"]
[Result "1/2-1/2"]
[WhiteTitle "GM"]
[BlackTitle "GM"]
[WhiteElo "2786"]
[BlackElo "2771"]
[WhiteFideId "5000017"]
[BlackFideId "24116068"]
[EventDate "2017.06.05"]

1. e4 c5 2. Nf3 d6 3. Bb5+ Nd7 4. O-O a6 5. Bxd7+ Bxd7 6. d4 cxd4 7. Qxd4 e5 8.
Qd3 Rc8 9. c4 b5 10. b3 h6 11. Nc3 bxc4 12. bxc4 Nf6 13. Be3 Be7 14. Rab1 O-O
15. h3 Qc7 16. Nd2 Rb8 17. Rb3 Bc6 18. Rfb1 Rxb3 19. axb3 a5 20. Nd5 Nxd5 21.
cxd5 Bd7 22. Ra1 Rc8 23. Qa6 f5 24. exf5 Bxf5 25. Qxa5 Qc2 26. Qa7 Bf8 27. Qb7
Qd3 28. Nc4 Re8 29. Kh2 Be4 30. Qd7 Re7 31. Qxd6 Qxd5 32. Qxd5+ Bxd5 33. Ra5 Bf7
34. Ra8 Re8 35. Rxe8 Bxe8 36. Kg1 e4 37. Kf1 Kf7 38. Ke2 Ke6 39. Kd2 Bb4+ 40.
Kc2 Bb5 41. Bd4 g6 42. Be3 h5 43. Bd2 1/2-1/2

[Event "Norway Chess - Lampo iniziale"]
[Site "Stavanger"]
[Date "05.06.2017"][Round "L2"]
[White "Anand, Viswanathan"]
[Black "Carlsen, Magnus"]
[Result "1/2-1/2"]
[WhiteTitle "GM"]
[BlackTitle "GM"]
[WhiteElo "2786"]
[BlackElo "2832"]
[WhiteFideId "5000017"]
[BlackFideId "1503014"]
[EventDate "2017.06.05"]

1. e4 c5 2. Nf3 d6 3. d4 cxd4 4. Nxd4 Nf6 5. Nc3 Bd7 6. f3 e5 7. Nb3 Be7 8. Be3
O-O 9. Qd2 a5 10. a4 Na6 11. Bb5 Be6 12. Nd5 Bxd5 13. exd5 Nb4 14. c4 b6 15. O-O
Rb8 16. Qe2 Nd7 17. Bd2 Nc5 18. Nxc5 bxc5 19. Bc3 f5 20. Kh1 Bf6 21. Rad1 Qe7
22. Bxb4 axb4 23. a5 e4 24. a6 e3 25. f4 Qe4 26. b3 Rf7 27. Rde1 Re7 28. Rf3 Bd4
29. h3 g6 30. Bc6 Rb6 31. Bb7 Rbxb7 32. axb7 Rxb7 33. Rxe3 Bxe3 34. Qxe3 Qxe3
35. Rxe3 Ra7 36. Kh2 Ra3 37. Kg3 1/2-1/2

[Event "Norway Chess - Lampo iniziale"]
[Site "Stavanger"]
[Date "05.06.2017"][Round "L2"]
[White "Caruana, Fabiano"]
[Black "Vachier-Lagrave, Maxime"]
[Result "1-0"]
[WhiteTitle "GM"]
[BlackTitle "GM"]
[WhiteElo "2808"]
[BlackElo "2796"]
[WhiteFideId "2020009"]
[BlackFideId "623539"]
[EventDate "2017.06.05"]

1. e4 c5 2. Nc3 Nc6 3. Nf3 g6 4. d4 cxd4 5. Nxd4 Bg7 6. Nde2 Nf6 7. g3 b5 8. Bg2
Rb8 9. O-O O-O 10. h3 a5 11. a3 d6 12. Be3 Nd7 13. Rb1 b4 14. axb4 axb4 15. Nd5
Ba6 16. Re1 e6 17. Ndf4 Qc7 18. Qd2 Nce5 19. b3 Rfc8 20. Rbc1 Nc5 21. Nd4 Qb7
22. f3 Ned7 23. Nde2 Rc6 24. Bf2 Rbc8 25. h4 Ne5 26. Nd4 R6c7 27. Red1 Rd7 28.
Qe1 h5 29. Rd2 Nc6 30. Nde2 Rcd8 31. Rcd1 Na7 32. Bh3 Nb5 33. Bxc5 dxc5 34. Nxe6
Rxd2 35. Nxd8 Rxd1 36. Qxd1 Qc7 37. Qd5 Nd6 38. Nxf7 Nxf7 39. Nf4 Bb7 40. Qe6
Qd6 41. Qe8+ Qf8 42. Qd7 Ne5 43. Qxb7 Nxf3+ 44. Kg2 Nxh4+ 45. Kf2 Be5 46. Be6+
Kh8 47. Bf7 Bxf4 48. gxf4 Qd8 49. Bd5 Qf8 50. Kg3 g5 51. f5 Qd6+ 52. Kh3 Qd8 53.
Qf7 g4+ 54. Kg3 Nf3 55. Qxh5+ Kg7 56. Qg6+ Kf8 57. Qg8+ Ke7 58. Qe6+ 1-0

[Event "Norway Chess - Lampo iniziale"]
[Site "Stavanger"]
[Date "05.06.2017"][Round "L2"]
[White "Giri, Anish"]
[Black "Kramnik, Vladimir"]
[Result "1/2-1/2"]
[WhiteTitle "GM"]
[BlackTitle "GM"]
[WhiteElo "2771"]
[BlackElo "2808"]
[WhiteFideId "24116068"]
[BlackFideId "4101588"]
[EventDate "2017.06.05"]

1. c4 e6 2. Nf3 Nf6 3. g3 d5 4. Bg2 Be7 5. O-O O-O 6. b3 b6 7. Bb2 Bb7 8. cxd5
Nxd5 9. d4 c5 10. dxc5 Bxc5 11. a3 a5 12. Nbd2 Qe7 13. Ne5 Rd8 14. Nd3 Nc6 15.
Nxc5 bxc5 16. e3 Ba6 17. Re1 a4 18. bxa4 Bd3 19. Qb3 Bg6 20. e4 Nc7 21. Nf3 Rab8
22. Qc3 Nd4 23. Nxd4 cxd4 24. Qd2 Na6 25. Rad1 e5 26. f4 f6 27. Ba1 Nc5 28. a5
Nb3 29. Qe2 Qc5 30. Kh1 Nxa1 31. Rxa1 d3 32. Qd2 Ra8 33. fxe5 Qxe5 34. Rac1 Rxa5
35. Rc3 h5 36. Rxd3 Rxd3 37. Qxd3 Kh7 38. Rc1 Qb2 39. Qc3 Qxa3 40. Qxa3 Rxa3 41.
Re1 Ra5 42. h4 Re5 43. Kg1 f5 44. Kf2 fxe4 45. Re2 Bf5 46. Ke3 Bg4 47. Rd2 Bf3 1/2-1/2

[Event "Norway Chess - Lampo iniziale"]
[Site "Stavanger"]
[Date "05.06.2017"][Round "L2"]
[White "So, Wesley"]
[Black "Karjakin, Sergey"]
[Result "1-0"]
[WhiteTitle "GM"]
[BlackTitle "GM"]
[WhiteElo "2812"]
[BlackElo "2781"]
[WhiteFideId "5202213"]
[BlackFideId "14109603"]
[EventDate "2017.06.05"]

1. d4 Nf6 2. Nf3 e6 3. Bf4 d5 4. e3 c5 5. Nbd2 Nc6 6. c3 Bd6 7. Bg3 O-O 8. Bb5
Bxg3 9. hxg3 Qb6 10. a4 a6 11. Bxc6 bxc6 12. Qc2 Rb8 13. Rb1 cxd4 14. cxd4 a5
15. Ne5 h6 16. g4 Rb7 17. f4 Qb4 18. Nd3 Qd6 19. Ne5 Rc7 20. g5 Ne8 21. gxh6 g6
22. Nb3 Kh7 23. Nc5 Nf6 24. g4 Ne4 25. g5 Ng3 26. Rh3 Nf5 27. Ng4 Kh8 28. Kf2
Ra7 29. Qc3 Qb8 30. b4 Ba6 31. Rhh1 Bc4 32. Ne5 Qc8 33. bxa5 Kh7 34. Rb6 f6 35.
Rxc6 Qa8 36. gxf6 Rxf6 37. Rxe6 Rxe6 38. Nxe6 Nd6 39. Ng5+ Kg8 40. h7+ 1-0

[Event "Norway Chess - Lampo iniziale"]
[Site "Stavanger"]
[Date "05.06.2017"][Round "L3"]
[White "Carlsen, Magnus"]
[Black "Giri, Anish"]
[Result "1-0"]
[WhiteTitle "GM"]
[BlackTitle "GM"]
[WhiteElo "2832"]
[BlackElo "2771"]
[WhiteFideId "1503014"]
[BlackFideId "24116068"]
[EventDate "2017.06.05"]

1. Nc3 c5 2. Nf3 Nc6 3. e4 g6 4. Bb5 Bg7 5. O-O d6 6. Re1 Bd7 7. a4 Rc8 8. d3
Nf6 9. Nd5 O-O 10. Bg5 a6 11. Bxf6 exf6 12. Bc4 f5 13. c3 fxe4 14. dxe4 Na5 15.
Qd3 Re8 16. Ne3 Bc6 17. Bd5 Qb6 18. Qc2 Re7 19. Rad1 Rce8 20. Bxc6 bxc6 21. Rxd6
Rxe4 22. Red1 Bh6 23. Nd5 Qb3 24. Nf6+ Kg7 25. Nxe8+ Rxe8 26. Qxb3 Nxb3 27. Rxc6
Re2 28. g3 Rxb2 29. Rd7 1-0

[Event "Norway Chess - Lampo iniziale"]
[Site "Stavanger"]
[Date "05.06.2017"][Round "L3"]
[White "Aronian, Levon"]
[Black "Anand, Viswanathan"]
[Result "1/2-1/2"]
[WhiteTitle "GM"]
[BlackTitle "GM"]
[WhiteElo "2793"]
[BlackElo "2786"]
[WhiteFideId "13300474"]
[BlackFideId "5000017"]
[EventDate "2017.06.05"]

1. d4 Nf6 2. Nf3 d5 3. c4 e6 4. Nc3 Be7 5. Bf4 O-O 6. e3 c5 7. dxc5 Bxc5 8. Bd3
dxc4 9. Bxc4 Qxd1+ 10. Rxd1 Bb4 11. O-O Bxc3 12. bxc3 Bd7 13. Ne5 Rc8 14. f3 Ba4
15. Bb3 Bxb3 16. axb3 Nd5 17. c4 Nxf4 18. exf4 f6 19. Nd3 Nd7 20. Rfe1 Nf8 21.
Kf2 a5 22. Nb2 b5 23. cxb5 Rcb8 24. Na4 Rxb5 25. Rd3 Ng6 26. g3 e5 1/2-1/2

[Event "Norway Chess - Lampo iniziale"]
[Site "Stavanger"]
[Date "05.06.2017"][Round "L3"]
[White "Vachier-Lagrave, Maxime"]
[Black "So, Wesley"]
[Result "1-0"]
[WhiteTitle "GM"]
[BlackTitle "GM"]
[WhiteElo "2796"]
[BlackElo "2812"]
[WhiteFideId "623539"]
[BlackFideId "5202213"]
[EventDate "2017.06.05"]

1. e4 e6 2. d4 d5 3. Bd3 dxe4 4. Bxe4 Nf6 5. Bf3 c5 6. Ne2 Nc6 7. Be3 cxd4 8.
Nxd4 Ne5 9. O-O Nxf3+ 10. Qxf3 e5 11. Nb5 a6 12. Rd1 Qa5 13. N5c3 Qc7 14. Bg5
Be7 15. Bxf6 Bxf6 16. Nd5 Qc6 17. Qa3 Bg4 18. Nxf6+ gxf6 19. f3 Be6 20. Nc3 f5
21. Rd6 Qc7 22. Nd5 Bxd5 23. Rxd5 Rd8 24. Rad1 Rxd5 25. Rxd5 f6 26. Qd3 f4 27.
Qf5 Ke7 28. h4 Qc8 29. Qd3 Qc7 30. h5 Ke6 31. c4 b6 32. b4 Qc6 33. Qe4 Qc7 34.
c5 bxc5 35. Rxc5 Qd7 36. Qc4+ Kf5 37. Qc2+ Kg5 38. Rc7 Qd4+ 39. Kh2 Qxb4 40.
Rg7+ 1-0

[Event "Norway Chess - Lampo iniziale"]
[Site "Stavanger"]
[Date "05.06.2017"][Round "L3"]
[White "Kramnik, Vladimir"]
[Black "Caruana, Fabiano"]
[Result "0-1"]
[WhiteTitle "GM"]
[BlackTitle "GM"]
[WhiteElo "2808"]
[BlackElo "2808"]
[WhiteFideId "4101588"]
[BlackFideId "2020009"]
[EventDate "2017.06.05"]

1. e4 e6 2. d4 d5 3. Bd3 dxe4 4. Bxe4 Nf6 5. Bf3 c5 6. Ne2 Nc6 7. Be3 Nd5 8.
Bxd5 Qxd5 9. Nbc3 Qxg2 10. Rg1 Qf3 11. Nb5 Rb8 12. dxc5 Bd7 13. Nc7+ Kd8 14. Nb5
Ne5 15. Qd4 Qd5 16. O-O-O Qxd4 17. Bxd4 Nf3 18. Bxg7 Nxg1 19. Bxh8 Nxe2+ 20. Kb1
Bxc5 21. Bf6+ Kc8 22. Nd6+ Bxd6 23. Rxd6 Nf4 24. Rd4 Ng6 25. h4 h5 26. Rc4+ Bc6
27. Rc5 Kd7 28. Rxh5 e5 29. Rh6 Ke6 30. Bg5 Kf5 31. b3 Be4 32. Rh7 Bd5 33. c4
Be6 34. Be3 b6 35. h5 Nf4 36. h6 Kg6 37. Rg7+ Kxh6 38. Rg1 Rd8 39. Kb2 Kh5 40.
a4 Rd7 41. a5 bxa5 42. Ra1 Kg4 43. Rxa5 Kf3 44. Ka3 Nd3 45. Bxa7 e4 46. c5 Rb7
47. Bb6 Nxf2 48. Ra6 Bd5 49. c6 Bxc6 50. Bxf2 Kxf2 51. Rxc6 e3 52. Rf6+ Ke1 53.
b4 e2 54. Rf5 Re7 0-1

[Event "Norway Chess - Lampo iniziale"]
[Site "Stavanger"]
[Date "05.06.2017"][Round "L4"]
[White "Carlsen, Magnus"]
[Black "Aronian, Levon"]
[Result "1-0"]
[WhiteTitle "GM"]
[BlackTitle "GM"]
[WhiteElo "2832"]
[BlackElo "2793"]
[WhiteFideId "1503014"]
[BlackFideId "13300474"]
[EventDate "2017.06.05"]

1. Nf3 d5 2. g3 Nf6 3. Bg2 e6 4. O-O Be7 5. d4 O-O 6. Nbd2 b6 7. c4 Bb7 8. b3 c5
9. dxc5 Bxc5 10. Bb2 dxc4 11. Nxc4 Qe7 12. a3 a5 13. Qb1 Nbd7 14. Ng5 Bxg2 15.
Kxg2 h6 16. Ne4 Rac8 17. Rd1 Nxe4 18. Qxe4 Nf6 19. Qf3 Rfd8 20. h4 Nd5 21. Rd3
a4 22. e4 Nf6 23. Rxd8+ Qxd8 24. Rd1 Qe7 25. b4 Bxf2 26. Qe2 Bxg3 27. Kxg3 Qc7+
28. Nd6 Qc2 29. Qxc2 Nh5+ 30. Kf3 Rxc2 31. Bd4 g5 32. hxg5 hxg5 33. Rg1 f6 34.
e5 1-0

[Event "Norway Chess - Lampo iniziale"]
[Site "Stavanger"]
[Date "05.06.2017"][Round "L4"]
[White "So, Wesley"]
[Black "Kramnik, Vladimir"]
[Result "1/2-1/2"]
[WhiteTitle "GM"]
[BlackTitle "GM"]
[WhiteElo "2812"]
[BlackElo "2808"]
[WhiteFideId "5202213"]
[BlackFideId "4101588"]
[EventDate "2017.06.05"]

1. d4 d5 2. Bf4 c5 3. e3 Nc6 4. Nf3 Bg4 5. Nbd2 e6 6. h3 Bxf3 7. Nxf3 Bd6 8.
dxc5 Bxf4 9. exf4 Qa5+ 10. c3 Qxc5 11. Bd3 Nf6 12. O-O O-O-O 13. b4 Qd6 14. b5
Na5 15. Ne5 Qc7 16. Qa4 Rhf8 17. Rfe1 Kb8 18. Qb4 Rc8 19. Rac1 Nc4 20. a4 Nxe5
21. fxe5 Nd7 22. a5 Qc5 23. Qf4 Ka8 24. a6 f5 25. c4 Nb6 26. cxd5 Nxd5 27. Qg3
Qxc1 28. Rxc1 Rxc1+ 29. Kh2 Rc7 30. Be2 h6 31. Bf3 Rd8 32. Qg6 Re7 33. Qh5 Kb8
34. Qh4 Red7 35. axb7 Kxb7 36. Qa4 Kb8 37. Qa6 Nb6 38. Qa2 Nd5 39. Bxd5 Rxd5 40.
Qa6 Rxe5 41. b6 axb6 42. Qxb6+ Kc8 43. Qa6+ Kb8 44. Qb6+ Kc8 45. Qc6+ Kb8 46.
Qb6+ 1/2-1/2

[Event "Norway Chess - Lampo iniziale"]
[Site "Stavanger"]
[Date "05.06.2017"][Round "L4"]
[White "Anand, Viswanathan"]
[Black "Karjakin, Sergey"]
[Result "1/2-1/2"]
[WhiteTitle "GM"]
[BlackTitle "GM"]
[WhiteElo "2786"]
[BlackElo "2781"]
[WhiteFideId "5000017"]
[BlackFideId "14109603"]
[EventDate "2017.06.05"]

1. e4 e5 2. Nf3 Nc6 3. Bb5 Nf6 4. d3 Bc5 5. O-O Nd4 6. Nxd4 Bxd4 7. c3 Bb6 8.
Na3 O-O 9. Bg5 c6 10. Ba4 h6 11. Bh4 d6 12. Nc4 Bc7 13. Ne3 Bb6 14. Qf3 Kh7 15.
Bb3 g5 16. Bg3 g4 17. Qe2 Nh5 18. Nxg4 Nxg3 19. hxg3 Qg5 20. Ne3 f5 21. exf5
Bxe3 22. Qxe3 Qxe3 23. fxe3 Bxf5 24. e4 Bg4 25. Rae1 Kg7 26. Bd1 Be6 27. a3
Rxf1+ 28. Rxf1 a5 29. Bh5 Rf8 30. Rf3 c5 31. Kf2 Rc8 32. g4 b5 33. Kg3 b4 34. g5
hxg5 35. Bg4 Bxg4 36. Kxg4 bxa3 37. bxa3 Rb8 38. Kxg5 Rb3 39. Rf6 Rxa3 40. Rxd6
Rxc3 41. Kf5 a4 42. Kxe5 a3 43. g4 Kf7 44. g5 Ke7 45. g6 a2 46. Ra6 Rxd3 47.
Rxa2 Rg3 48. Ra7+ Kf8 49. Kf6 Rf3+ 50. Ke6 Rg3 51. g7+ Kg8 52. e5 c4 53. Rc7 c3
54. Kd5 Rxg7 55. Rxc3 Ra7 56. Ke6 Ra6+ 57. Ke7 Ra7+ 58. Kf6 Rf7+ 59. Ke6 Ra7 60.
Rd3 Ra6+ 61. Rd6 Ra1 62. Ke7 Kg7 63. e6 Ra7+ 64. Rd7 Ra8 65. Rd8 Ra7+ 66. Rd7
Ra8 67. Rb7 Kg6 68. Kd6 Kf6 69. e7 Kf7 70. Rc7 1/2-1/2

[Event "Norway Chess - Lampo iniziale"]
[Site "Stavanger"]
[Date "05.06.2017"][Round "L4"]
[White "Giri, Anish"]
[Black "Caruana, Fabiano"]
[Result "1/2-1/2"]
[WhiteTitle "GM"]
[BlackTitle "GM"]
[WhiteElo "2771"]
[BlackElo "2808"]
[WhiteFideId "24116068"]
[BlackFideId "2020009"]
[EventDate "2017.06.05"]

1. Nf3 d5 2. g3 g6 3. Bg2 Bg7 4. d4 Nf6 5. O-O O-O 6. c4 c6 7. Qb3 Qb6 8. cxd5
cxd5 9. Qxb6 axb6 10. Nc3 Nc6 11. Bf4 Bf5 12. Rfc1 e6 13. h3 h5 14. e3 Ne4 15.
Nxe4 Bxe4 16. Bd6 Rfc8 17. Nd2 Bxg2 18. Kxg2 e5 19. dxe5 Nxe5 20. Rxc8+ Rxc8 21.
Bxe5 Bxe5 22. Nf3 Bxb2 23. Rb1 Rc2 24. Ne1 Rd2 25. Nf3 Rc2 26. Ne1 Rd2 1/2-1/2

[Event "Norway Chess - Lampo iniziale"]
[Site "Stavanger"]
[Date "05.06.2017"][Round "L5"]
[White "Karjakin, Sergey"]
[Black "Carlsen, Magnus"]
[Result "0-1"]
[WhiteTitle "GM"]
[BlackTitle "GM"]
[WhiteElo "2781"]
[BlackElo "2832"]
[WhiteFideId "14109603"]
[BlackFideId "1503014"]
[EventDate "2017.06.05"]

1. d4 f5 2. g3 Nf6 3. Bg2 e6 4. c4 d5 5. Nd2 Bd6 6. Nh3 O-O 7. O-O Nc6 8. e3 b6
9. b3 a5 10. Bb2 Ba6 11. Nf4 Bxf4 12. exf4 Ne4 13. Re1 Re8 14. Re3 Qd7 15. Nxe4
fxe4 16. f3 dxc4 17. fxe4 cxb3 18. d5 exd5 19. Qxb3 a4 20. Qxa4 Bf1 21. Qd1 Bxg2
22. Kxg2 Na5 23. Rc3 d4 24. e5 Nc4 25. Rf3 c5 26. Bc1 Qd5 27. Kh3 Rad8 28. Rd3
Re6 29. Qf3 Qxf3 30. Rxf3 d3 31. Be3 d2 32. Rd1 Rd3 33. f5 Rxe5 0-1

[Event "Norway Chess - Lampo iniziale"]
[Site "Stavanger"]
[Date "05.06.2017"][Round "L5"]
[White "Aronian, Levon"]
[Black "Giri, Anish"]
[Result "1-0"]
[WhiteTitle "GM"]
[BlackTitle "GM"]
[WhiteElo "2793"]
[BlackElo "2771"]
[WhiteFideId "13300474"]
[BlackFideId "24116068"]
[EventDate "2017.06.05"]

1. d4 Nf6 2. Nf3 g6 3. Nc3 d5 4. Bf4 Bg7 5. Nb5 Na6 6. e3 c6 7. Nc3 Nb8 8. h3
O-O 9. Be2 Bf5 10. O-O Nbd7 11. Qc1 Re8 12. Bh2 Ne4 13. Nxe4 Bxe4 14. Ng5 Bf5
15. g4 e5 16. Nxf7 Kxf7 17. gxf5 exd4 18. Kh1 Qh4 19. Bg4 Nf6 20. Bg3 Qh6 21.
fxg6+ Qxg6 22. exd4 Nxg4 23. hxg4 Qxg4 24. c3 Qh3+ 25. Kg1 Re4 26. Re1 Rae8 27.
Rxe4 Rxe4 28. Qd1 h5 29. Qf3+ Bf6 30. Qh1 Qf5 31. Kf1 h4 32. Be5 Bxe5 33. dxe5
h3 34. Rd1 Rf4 35. Qh2 Rg4 36. e6+ Qxe6 37. Rd3 Re4 38. Qc7+ Kg6 39. Rg3+ Rg4
40. Rxh3 d4 41. Qh7+ Kg5 42. Qg7+ Kf5 43. Rh5+ Kf4 44. Qxd4+ Qe4 45. Qf6+ 1-0

[Event "Norway Chess - Lampo iniziale"]
[Site "Stavanger"]
[Date "05.06.2017"][Round "L5"]
[White "Caruana, Fabiano"]
[Black "So, Wesley"]
[Result "0-1"]
[WhiteTitle "GM"]
[BlackTitle "GM"]
[WhiteElo "2808"]
[BlackElo "2812"]
[WhiteFideId "2020009"]
[BlackFideId "5202213"]
[EventDate "2017.06.05"]

1. Nf3 d5 2. c4 e6 3. Qb3 Nf6 4. g3 Be7 5. Bg2 O-O 6. O-O d4 7. d3 Nc6 8. Bf4
Nd7 9. Na3 e5 10. Bd2 Re8 11. Qc2 a5 12. Nb5 Nb4 13. Qd1 c6 14. Na3 Bf8 15. Nc2
Nxc2 16. Qxc2 Nc5 17. a3 a4 18. Bb4 Nb3 19. Rae1 Bxb4 20. axb4 Qb6 21. e3 Bg4
22. Nd2 Qxb4 23. Nxb3 axb3 24. Qc1 Bf5 25. Qd1 Rad8 26. e4 Bd7 27. f4 b5 28.
cxb5 Qxb5 29. Rf2 c5 30. Bf1 f6 31. Qh5 Ra8 32. Rc1 Kh8 33. g4 exf4 34. Rxc5 Qb4
35. Rc7 Qd6 36. Rb7 Reb8 37. Rxb8+ Rxb8 38. g5 Qe5 39. h4 f5 40. Qf3 fxe4 41.
dxe4 Rf8 42. Bc4 Bc6 43. Re2 Qc5 44. Bd3 Bb5 45. e5 Bxd3 46. Qxd3 f3 47. Rf2
Qc1+ 48. Qf1 Qf4 49. Qh3 d3 50. Qd7 Qxe5 51. Qxd3 Qg3+ 52. Kf1 Qxh4 53. Rxf3
Qh3+ 54. Kf2 Qxf3+ 55. Qxf3 Rxf3+ 56. Kxf3 Kg8 57. Ke4 Kf7 58. Kf5 Ke7 59. Ke5
h6 60. gxh6 gxh6 61. Kf5 Kd6 0-1

[Event "Norway Chess - Lampo iniziale"]
[Site "Stavanger"]
[Date "05.06.2017"][Round "L5"]
[White "Vachier-Lagrave, Maxime"]
[Black "Anand, Viswanathan"]
[Result "1-0"]
[WhiteTitle "GM"]
[BlackTitle "GM"]
[WhiteElo "2796"]
[BlackElo "2786"]
[WhiteFideId "623539"]
[BlackFideId "5000017"]
[EventDate "2017.06.05"]

1. b3 e5 2. Bb2 Nc6 3. e3 Nf6 4. Bb5 Bd6 5. Na3 a6 6. Be2 Be7 7. Nc4 e4 8. d4 d5
9. Ne5 O-O 10. Nxc6 bxc6 11. c4 a5 12. Qc2 Bb4+ 13. Bc3 Be6 14. c5 Kh8 15. a3
Bxc3+ 16. Qxc3 Ng4 17. h3 Nh6 18. Bd1 Nf5 19. g3 Qg5 20. Ne2 h5 21. h4 Qf6 22.
Nf4 g6 23. b4 axb4 24. axb4 Nh6 25. Ra5 Bg4 26. O-O Bf3 27. Bxf3 exf3 28. Qd3
Qe7 29. Qxg6 fxg6 30. Nxg6+ Kg7 31. Nxe7 Rxa5 32. bxa5 Ra8 33. Nxc6 Ra6 34. Ne5 1-0

[Event "Norway Chess - Lampo iniziale"]
[Site "Stavanger"]
[Date "05.06.2017"][Round "L6"]
[White "Carlsen, Magnus"]
[Black "Vachier-Lagrave, Maxime"]
[Result "1-0"]
[WhiteTitle "GM"]
[BlackTitle "GM"]
[WhiteElo "2832"]
[BlackElo "2796"]
[WhiteFideId "1503014"]
[BlackFideId "623539"]
[EventDate "2017.06.05"]

1. d4 Nf6 2. Bf4 b6 3. c4 Bb7 4. e3 g6 5. Nc3 Bg7 6. Nf3 O-O 7. Be2 d6 8. O-O
Nbd7 9. h3 e6 10. b4 a5 11. a3 Ne4 12. Nxe4 Bxe4 13. Nd2 Bb7 14. Bf3 Bxf3 15.
Nxf3 e5 16. dxe5 Nxe5 17. Rc1 axb4 18. axb4 Qe7 19. Nd4 Ra2 20. b5 Rfa8 21. Bxe5
Bxe5 22. Nc6 Qe6 23. Nb4 R2a3 24. Nd5 R8a7 25. f4 Bb2 26. Rb1 Bg7 27. f5 gxf5
28. Rxf5 Ra1 29. Rf1 Qe4 30. Rxa1 Rxa1 31. Qg4 Qxg4 32. hxg4 Ra7 33. g5 Be5 34.
Kf2 Kg7 35. Kf3 Kg6 36. Kg4 Ra4 37. Rc1 Ra2 38. Nxc7 Rxg2+ 39. Kf3 Rxg5 40. Nd5
h5 41. Nxb6 h4 42. Rh1 Rg3+ 43. Ke2 h3 44. Nd5 Rg2+ 45. Kf3 Rg3+ 46. Ke4 Rg4+
47. Nf4+ Kg5 48. Rxh3 Bxf4 49. exf4+ Rxf4+ 50. Kd5 1-0

[Event "Norway Chess - Lampo iniziale"]
[Site "Stavanger"]
[Date "05.06.2017"][Round "L6"]
[White "Anand, Viswanathan"]
[Black "Kramnik, Vladimir"]
[Result "0-1"]
[WhiteTitle "GM"]
[BlackTitle "GM"]
[WhiteElo "2786"]
[BlackElo "2808"]
[WhiteFideId "5000017"]
[BlackFideId "4101588"]
[EventDate "2017.06.05"]

1. e4 e5 2. Nf3 Nc6 3. Bb5 Nf6 4. d3 d6 5. O-O Be7 6. c4 O-O 7. Nc3 Bg4 8. Bxc6
bxc6 9. h3 Bxf3 10. Qxf3 Nd7 11. Be3 Bf6 12. b4 Re8 13. a4 Nf8 14. b5 Qd7 15.
Rfb1 Ne6 16. bxc6 Qxc6 17. a5 a6 18. Nd5 Bd8 19. Qd1 Qd7 20. Rb7 Qc8 21. Qa4
Qxb7 22. Qxe8+ Nf8 23. Qa4 Rb8 24. c5 c6 25. Nb6 dxc5 26. Bxc5 Ne6 27. Be3 g6
28. Rb1 Kg7 29. Rb2 c5 30. Nc4 Qc7 31. Rxb8 Qxb8 32. Qc6 Qb1+ 33. Kh2 Qxd3 34.
Nxe5 Qb5 35. Qxb5 axb5 36. Nc6 Bc7+ 37. g3 b4 38. a6 b3 39. a7 b2 40. a8=Q b1=Q
41. Ne7 Bd8 42. Bxc5 Qc2 43. Qa1+ f6 44. Be3 0-1